Roblox Popular Games of all time - Statistics

General Stats
  • This quiz has been taken 724 times
  • The average score is 14 of 29
Answer Stats
Hint Answers % Correct
Pets and Babies Adopt me
86%
RP Brookhaven
79%
Food Growing Grow a Garden
78%
Killer and Sheriff Murder mystery 2
75%
Peppa killer Piggy
75%
Upward obby Tower of Hell
74%
Pizza Work at a pizza place
74%
Prison Jailbreak
72%
100 rooms Doors
68%
Anime Blox fruits
61%
Pets attacking Coins Pet Sim X
58%
Survive Disaster Natural Disaster Survival
56%
Swords and Ball Blade Ball
55%
Jobs and building your own House Welcome to Bloxburg
53%
Cat walk Dress to impress
46%
Treasure at the End Build a boat for Treasure
44%
Train Dead rails
41%
in charge of your very own restaurant Restaurant Tycoon 2
41%
Water filling up in a room Flood Escape 2
40%
Randomized Guns Arsenal
38%
Catching in Water Fisch
35%
Round pets Meep City
34%
Guns and Killers in Area 51 Survive and Kill the Killers in Area 51
34%
Fast obby Speed run 4
30%
Castles and Princess Royale High
26%
Brewing Potions Wacky Wizards
24%
talking people Mic Up
19%
Wands Wizard tycoon
19%
Towers Tower Defense Simulator
14%
No matching quizzes found
Score Distribution
Percent of People with Each Score
Percentile by Number Answered
Your Score History
You have not taken this quiz